Регионална библиотека "Любен Каравелов" - Русе

Стопанската 1933 година (Запис номер 168641)

MARC детайли
000 -Лидер
Контролно поле с фиксирана дължина 01999nam a2200397 a 4500
003 - Код на организацията, давaща контролен номер
Контролно поле BLK
005 - Дата и час на последна редакция
Контролно поле 20250122133705.0
008 - Елементи от данни с фиксирана дължина
fixed length control field 180411b bul|||||r ||||||| ||bul||
010 ## - Наследен системен номер
LC control number KNG00176559000
040 ## - Източник на каталожния запис
Идентификатор на билиотеката - собственик на записа BLK
041 ## - Код за език
Код за езика на текст/звукозапис или на отделно заглавие Български
Код за езика КДБФ Български
072 #7 - Код за тематичната категория
Код организация bullib
Код за тематична категория К
Текст Краезнание
080 ## - УДК
Текстов определител УДК Икономическо положение. Икономическа политика. Управление. Планиране. Производство. Услуги. Цени
УДК код - определител по УДК 338
УДК определител (497.2)
УДК - код + определител 338(497.2)
100 1# - Редна дума - Автор
Автор Попов, Иван Иванов
Авторска отговорност първи автор
R(LIN) 337915
139 ## - Редно поле
Редна дума Попов, Иван Иванов
Авторски знак Попов - П 76
245 10 - Сведения за заглавието
Заглавие Стопанската 1933 година
Подзаглавни данни Реферат, четен пред XXXIX общо редовно год. събрание на Камарата, състояло се през м. април 1934 г.
Редно поле (дума) Иван Попов.
257 ## - Страна на издаване
Страна на създаване/издаване България
260 ## - Област на издателските данни
Място на издаване, разпространение и проч. Русе
Име на издателя, разпространителя и проч. Русенска търг.-индустр. камара
Година на издаване 1934
Печатница Русе : Дунав
300 ## - Физическа характеристика
Страници 34 с.
Размери/Мащаб 23 см
380 ## - Жанр
Жанр Обществени науки
500 ## - Общи забележки
Забележка Кор. загл. Стопанската 1933. - На загл. с. означената година в загл. - 1933 е лепенка.
650 #4 - Допълнително описание по предмет – тема
Основно описание – тема или топоним Камари, търговско-индустриални
9 (RLIN) 280620
650 #4 - Допълнително описание по предмет – тема
Основно описание – тема или топоним България - стопанска история
9 (RLIN) 272238
651 #4 - Допълнително описание по предмет - топоним
Географско понятие България
9 (RLIN) 241624
653 ## - Ключова дума – ненормативна
Ключова дума РТИК
852 ## - Местоположение
Форматна сигнатура Цб 45463
852 ## - Местоположение
Форматна сигнатура К 338/П 76
Фондова буква Краезнание
852 ## - Местоположение
Форматна сигнатура Цб 3.230.30598
856 4# - Електронен адрес и достъп
Електронен формат pdf - файл
Инструкция (цена за достъп) 0.00
Права за достъп Достъп за регистрирани потребители
Име на файл Стопанската 1933 година
Път до файла /url/ http://185.138.176.146:18082/cgi-bin/koha/opac-retrieve-file.pl?id=7917853be61a2857ace946aa2ef40780
Допълнителна информация (Корица, съдържание, пълен текст, звуков файл, HTML файл) Електронна книга
Информация за съдържанието Стопанската 1933 година
856 4# - Електронен адрес и достъп
Електронен формат pdf - файл
Инструкция (цена за достъп) 0.00
Права за достъп disable
999 ## - СИСТЕМНИ КОНТРОЛНИ НОМЕРА
Koha biblionumber 168641
Koha biblioitemnumber 168641
942 ## - АРТИКУЛИ
Вид на библиотечния материал Книги
Скрит в OPAC Не
Периодичен библиозапис Да
Koha issues (borrowed), all copies 2
944 ## - СЪЗДАВАНЕ И РЕДАКЦИЯ на ЗАПИСА
Създаване/Редакция Създаване
Дата на регистрацията/редакция 12.06.2015
Служител, извършил регистрацията/редакцията 30558
Статус, дата на статуса Валя Йорданова
944 ## - СЪЗДАВАНЕ И РЕДАКЦИЯ на ЗАПИСА
Създаване/Редакция Редакция
Дата на регистрацията/редакция 2023-04-19
Служител, извършил регистрацията/редакцията Кети
999 ## - СИСТЕМНИ КОНТРОЛНИ НОМЕРА
Koha biblioitemnumber 168641
999 ## - СИСТЕМНИ КОНТРОЛНИ НОМЕРА
Koha biblioitemnumber 168641
Наличности
Код за отписване Код за изгубен артикул Източник на класификационната схема Код за повреда Коз за рестрикции Код за отдаване Артикулен № Име на библиотеката - собственик Име на библиотеката, в която се намира в момента Статус (Текущо местоположение) Дата на вписване в системата Местоположение - отдел Цена в лева Инвентарен номер Систематично азбучна сигнатура Баркод Номер на екземпляра Цена в евро Служебна бележка Служебен тип на артикула
  Не е изгубен Universal Decimal Classification Не е повреден без рестрикции ползва се в читалня 284921 Регионална библиотека "Любен Каравелов" Русе Регионална библиотека "Любен Каравелов" Русе Краезнание 1934-01-01 Краезнание 0.10 3421/64 К 338/П 76 900000003238 1 0.05 N: Сф Дата: 01.01.1934 Дата инв: 06.11.2017 Бележки инв: К2017 Книги
  Не е изгубен Universal Decimal Classification Не е повреден само за читалня ползва се в читалня 821974 Регионална библиотека "Любен Каравелов" Русе Регионална библиотека "Любен Каравелов" Русе Хранилище 2021-04-12 Основен фонд - ползва се само за читалня 0.05 30598 Цб 3.230.30598 900000045677   0.03   Книги
Vip Innovations Ltd, Rousse, Bulgaria 2025